Desarrollo De Nuevos Productos, 5th Edition (Registro nro. 174110)

Detalles MARC
000 -LEADER
fixed length control field 01589nam#a2200277 4500
001 - CONTROL NUMBER
control field 9786075263052
003 - CONTROL NUMBER IDENTIFIER
control field VST
006 - FIXED-LENGTH DATA ELEMENTS--ADDITIONAL MATERIAL CHARACTERISTICS--GENERAL INFORMATION
fixed length control field m o d
007 - PHYSICAL DESCRIPTION FIXED FIELD--GENERAL INFORMATION
fixed length control field cr#un#---uucau
008 - FIXED-LENGTH DATA ELEMENTS--GENERAL INFORMATION
fixed length control field 161101s2016 MEX d
020 ## - INTERNATIONAL STANDARD BOOK NUMBER
International Standard Book Number 9786075263052
040 ## - CATALOGING SOURCE
Original cataloging agency VST
Transcribing agency VST
Modifying agency VST
100 1# - MAIN ENTRY--PERSONAL NAME
Personal name Lerma, Alejandro
Relator term author
245 10 - TITLE STATEMENT
Title Desarrollo De Nuevos Productos, 5th Edition
250 ## -
-- fifth edition
260 ## - PUBLICATION, DISTRIBUTION, ETC. (IMPRINT)
Place of publication, distribution, etc Mexico :
264 #1 -
-- Mexico :
-- Cengage Learning Editores,
-- 2016
300 ## - PHYSICAL DESCRIPTION
Extent 1 online resource
336 ## -
-- text
-- txt
-- rdacontent
337 ## -
-- computer
-- c
-- rdamedia
520 ## - SUMMARY, ETC.
Summary, etc Desarrollo de productos. Una visión integral, quinta edición, le ofrece al lector un enfoque pragmático y estratégico de la metodología, aplicable al desarrollo y actualización de productos, de una forma amigable y sencilla que facilita el aprendizaje teórico y operativo de su contenido; es útil tanto para el ámbito de la educación y el empresarial. Una de las características principales es que se adopta un enfoque integral, el cual da respuesta a los principales cuestionamientos con respecto al desarrollo de nuevos productos, provenientes tanto del área comercial como de la de operaciones. Su contenido está relacionado con carreras como Administración, Mercadotecnia, Ingeniería Industrial y otras especialidades interesadas en el tema.
650 #4 - SUBJECT ADDED ENTRY--TOPICAL TERM
Topical term or geographic name as entry element Business & Economics/Marketing/General
856 40 - LOCALIZACIÓN Y ACCESO ELECTRÓNICO
Identificador Uniforme del Recurso (URI/URL) https://bc.vitalsource.com/tenants/universidad_insurgentes/libraries?bookmeta_vbid=9786075263052
942 ## -
-- RAA
999 ## -
-- 174110
-- 174110

No hay ítems disponibles.


CONTACTO


NOSOTROS


SITIOS DE INTERES

coordinacion.biblioteca.biblioteca@unienlinea.mx Misión, Visión y Objetivos Bases de datos
Directorio Bibliotecas Digitales y Repositorios
Normatividad Revistas y artículos
Convenios interbibliotecarios
Boletines



Hecho en México. Universidad Insurgentes (UIN). Todos los derechos reservados 2024. Esta página y sus contenidos pueden ser reproducidos con fines no lucrativos, siempre y cuando no se mutile, se cite la fuente completa y su dirección electrónicas. De otra forma requiere permiso previo por escrito de la institución




2024 Copyright Universidad Insurgentes | www.bibliouin.com.mx